| 000 | 00506nam a2200145 4500 | ||
|---|---|---|---|
| 008 | 731 J614r | ||
| 020 | _a9789968530385 | ||
| 082 |
_a731 _bJ614r |
||
| 100 |
_aJiménez, Marisel _96183 |
||
| 245 | _aEl retablo de la corte de Marisel Jiménez | ||
| 260 |
_aSan José _bFundación Museos del Banco Central _c2017 |
||
| 300 |
_a75 p. _bill (col) _c27,5 x 21cm. |
||
| 650 |
_xarte contemporáneo _xescultura _xescultura costarricense _xexhibiciones _96184 |
||
| 700 |
_aMonge, María José (coordinadora editorial) _96185 |
||
| 999 |
_c1400 _d1400 |
||